00691nam a2200229Ia 4500003000400000005001700004008004100021020002900062040001700091082002100108100001600129245004700145250001200192260002800204300002200232500001900254650001400273650002300287942000900310952012700319999001500446IIN20250507122253.0250507s2024 xx ad 001 0 eng d cRs.525.00a9789356962866 aIINbEnglish a610.73 bSRE1 aSreevani, R1 aApplied Sociology for Nurses/cR. Sreevani a2nd ed. aNew DelhibJaypeec2024 axiii, 260p.bill. aIncludes Index aSociology aSociologyvNursing cBOOK 00102ddc40708PURCHaIINbIINcGENd2025-03-11g525.00l0o610.73 SREp2009r2025-05-07 12:30:33w2025-05-07yBOOK c1810d1810